Normal view MARC view
  • Arteaga Bejarano, José Ricardo

Entry Nombre Personal

Number of records used in: 1

001 - NUMERO DE CONTROL

  • campo de control: 54933

003 - IDENTIFICADOR DE NUMERO DE CONTROL

  • campo de control: MX-MxUPN

005 - FECHA Y HORA DE LA ÜLTIMA TRANSACCIÓN

  • campo de control: 20241226150938.0

008 - DATOS DE LONGITUD FIJA

  • campo de control de longitud fija: 241226|| acz||aabn | aaa d

040 ## - FUENTE DE CATALOGACIÓN

  • Agencia original de catalogación: MX-MxUPN
  • Lenguaje de catalogación: spa
  • Agencia de transcripción: MX-MxUPN

100 1# - ENCABEZAMIENTO - NOMBRE PERSONAL

  • Nombre personal: Arteaga Bejarano, José Ricardo

670 ## - FUENTE EN LA QUE SE LOCALIZARON DATOS

  • Cita de la fuente: Viaf, 26 diciembre 2024 :
  • Información localizada: (Arteaga Bejarano, José Ricardo)
  • Uniform Resource Identifier: http://viaf.org/viaf/24162060228651400599

902 ## - CATALOGADOR

  • Catalogador: MaríaRobles/261224